000
00318 a2200133 4500
001
76083
040
_c
Anchieta - Colégio São Paulo
240
1
0
_a
Branca de Neve e os sete anões
_l
por
245
1
0
_a
Branca de Neve e os sete anões
300
_a
[16]
362
0
_a
1968
650
4
_a
Literatura infantil
942
_c
BK
999
_c
76083
_d
76083